00234nam a2200097Ia 4500008004100000100002300041245003900064260000900103942000700112999001700119190216s9999||||xx |||||||||||||| ||und|| aVidwan K Prakasham 0aVyasa Maha Bharatham Vol 2.3.4.6.7 bNull cBK c25053d25053